000 01212cam a2200277 i 4500
003 SA-RiAUC
005 20251102130812.0
008 251031s1996 su g f000r0 ara c
020 _a9960706265
040 _aSA-JeALM
_bara
_cSA-RiAUC
_erda
043 _aa-su---
082 0 4 _a346.53109
090 _a346.53109
_bس ع و
110 2 _aالسعودية
_eمؤلف.
_bالغرفة التجارية الصناعية بجدة
245 1 0 _aنظام الأوراق التجارية والمذكرة التفسيرية /
_cالغرفة التجارية الصناعية بجدة ؛ تقديم عبد الله صادق دحلان.
250 _aالطبعة الرابعة.
264 1 _aجدة، السعودية :
_bالغرفة التجارية الصناعية،
_c1965
300 _a137 صفحة ؛
_c24 سم
336 _aنص
_btxt
_2rdacontent
_3كتاب
337 _aبدون وسيط
_bn
_2rdamedia
338 _aمجلد
_bnc
_2rdacarrier
650 7 _aالأوراق التجارية
_xقوانين وتشريعات
_zالسعودية
_2aucsh
700 1 _aدحلان، عبد الله صادق،
_d1353 هجري-
_eمقدم.
942 _2ddc
_cBOOK
_n0
949 _aSA-JeALM
_d251031
_umohamedma123
_n1
999 _c12927
_d12927